Guía práctica de análisis bromatológicos
Guardat en:
| Autor principal: | |
|---|---|
| Format: | Llibre |
| Idioma: | espanyol |
| Publicat: |
Buenos Aires
Hasa
1946
|
| Matèries: | |
| Etiquetes: |
Afegir etiqueta
Sense etiquetes, Sigues el primer a etiquetar aquest registre!
|
MARC
| LEADER | 00000nam a2200000 a 4500 | ||
|---|---|---|---|
| 001 | UCU7210 | ||
| 003 | CL-VaPUC | ||
| 008 | 960628e19460000AG |||||||||||||||||spa|d | ||
| 082 | 0 | 4 | |a 664.3 |b VAL |2 21 |
| 100 | 0 | |a Valenciano, Ovidio A |e author |9 483350 | |
| 245 | 1 | 0 | |a Guía práctica de análisis bromatológicos |
| 300 | |a 2 v | ||
| 942 | |c BK | ||
| 945 | |d 19960628 00:00:00 |a paguirre | ||
| 260 | |a Buenos Aires |b Hasa |c 1946 | ||
| 650 | 0 | |a Tecnología química |9 263002 | |
| 650 | 0 | |a Aceites |9 348370 | |
| 650 | 7 | |a BROMATOS |2 CL-VaPUC |9 483351 | |
| 650 | 7 | |a SALES INORGANICAS |2 CL-VaPUC |9 483352 | |
| 650 | 7 | |a PRODUCTOS QUIMICOS INORGANICOS |2 CL-VaPUC |9 344421 | |
| 650 | 0 | |a Alcoholes |9 257199 | |
| 583 | |a last modification |c 19960628 00:00:00 |k Rodrigo Vera | ||
| 999 | |c 308118 |d 308116 | ||
| 952 | |0 0 |1 0 |4 0 |6 664_300000000000000_VAL_1946 |7 0 |8 A |9 374389 |a BIBING |b BIBING |d 2019-11-21 |h v.1 |i 1699180 |o 664.3 VAL 1946 |p 1699180 |r 2025-01-20 |w 2019-11-21 |y BK |k EIB | ||